| 000 -LEADER |
| fixed length control field |
00882cam a2200229 a 4500 |
| 008 - FIXED-LENGTH DATA ELEMENTS--GENERAL INFORMATION |
| fixed length control field |
890523s1989 nyu b 001 0 eng |
| 020 ## - INTERNATIONAL STANDARD BOOK NUMBER |
| International Standard Book Number |
0876090676 |
| 080 ## - UNIVERSAL DECIMAL CLASSIFICATION NUMBER |
| Universal Decimal Classification number |
327 |
| 245 00 - TITLE STATEMENT |
| Title |
Right v. might : |
| Statement of responsibility, etc |
Louis Henkin ... [et al.] ; foreword by John Temple Swing. |
| 260 ## - |
| -- |
New York : |
| -- |
Council on Foreign Relations Press, |
| -- |
c1989. |
| 300 ## - |
| -- |
xii, 124 p. ; |
| -- |
23 cm. |
| 500 ## - |
| -- |
Foreword : f. VII-XII |
| 500 ## - |
| -- |
"A Council on Foreign Relations book"--Cover. |
| 504 ## - BIBLIOGRAPHY, ETC. NOTE |
| Bibliography, etc |
Includes bibliographical references (p. 111-118). |
| 650 #0 - |
| -- |
Agresioni (E drejta ndërkombëtare) |
| 650 #0 - |
| -- |
Intervenimi (E drejta ndërkombëtare) |
| 651 #0 - |
| -- |
United States |
| -- |
Marrëdhënie ndërkombëtare |
| -- |
1945-1989. |
| 700 1# - |
| -- |
Henkin, Louis. |
| 710 2# - |
| -- |
Council on Foreign Relations. |
| 740 0# - ADDED ENTRY--UNCONTROLLED RELATED/ANALYTICAL TITLE |
| Uncontrolled related/analytical title |
Right versus might. |
| 942 ## - ADDED ENTRY ELEMENTS (KOHA) |
| Source of classification or shelving scheme |
|
| Item type |
Books |